| 000 | 00412nam a2200145Ia 4500 | ||
|---|---|---|---|
| 008 | 211118s9999||||xx |||||||||||||| ||und|| | ||
| 082 |
_a894.812 3 _bSRE-M |
||
| 100 | _aSreedharan, Perumbadavam | ||
| 245 | 0 | _aMazha Nilavu | |
| 260 |
_bCurrent Books _aKottayam _c2010 |
||
| 300 | _a152p. | ||
| 630 | _xMalayalam FictionGeneral Stack | ||
| 650 |
_aMalayalam LiteratuireMalayalam Novels _vGeneralia |
||
| 942 | _cBOOK | ||
| 999 |
_c97761 _d97761 |
||